V encuentro de los pueblos de América y el Caribe /

שמור ב:
מידע ביבליוגרפי
מחבר ראשי: Fernández Ampié, Guillermo
פורמט: Texto
תגים: הוספת תג
אין תגיות, היה/י הראשונ/ה לתייג את הרשומה!

MARC

LEADER 00000 a a2200000 04500
001 46002
003
040
100 |a Fernández Ampié, Guillermo  
245 |a V encuentro de los pueblos de América y el Caribe /  |c Guillermo Fernández Ampié  
773 |g volumen15, número388 ( , 1995), páginas 17-24 : fotos  
999 |c 32561  |d 32561